Fr. Conceicao Rodrigues College of Engineering

Treasure Island (Record no. 18542)

MARC details
000 -LEADER
fixed length control field 00220nam a2200109Ia 4500
100 ## - MAIN ENTRY--PERSONAL NAME
Personal name Stevenson/R/L
245 ## - TITLE STATEMENT
Title Treasure Island
260 ## - PUBLICATION, DISTRIBUTION, ETC.
Name of publisher, distributor, etc. Macmillon & co
Date of publication, distribution, etc. 2001
546 ## - LANGUAGE NOTE
Language note ENGLISH
650 ## - SUBJECT ADDED ENTRY--TOPICAL TERM
Topical term or geographic name entry element Novel
942 ## - ADDED ENTRY ELEMENTS (KOHA)
Koha item type BOOK
Holdings
Withdrawn status Lost status Damaged status Not for loan Collection Home library Current library Date acquired Cost, normal purchase price Total Checkouts Full call number Barcode Date last seen Cost, replacement price Price effective from Koha item type
        AFT Fr. Agnel's C.Rodrigues College of Engineering Fr. Agnel's C.Rodrigues College of Engineering 17/03/2023 1.00   AFT2 17/03/2023 1.00 17/03/2023 BOOK